| 000 | 00789nam a22002177a 4500 | ||
|---|---|---|---|
| 005 | 2010081407127.0 | ||
| 010 | _aENG-100501 | ||
| 020 |
_a9788185578941 _c395.00 |
||
| 035 | _aEN-84034 | ||
| 037 | _bDBAD/PUB | ||
| 082 | _a610 | ||
| 100 |
_aPonde, Vrushali _913964 |
||
| 245 |
_aAn illustrative manual of ultrasound guided regional anesthesia : _cby Vrushali Ponde _bchildren and adults / |
||
| 260 |
_aMumbai _bBhalani Publishing House _c2009 |
||
| 270 |
_a11 Mavawala Building Opp. K.E.M. Hospital Parel _bMumbai _e400012 |
||
| 300 |
_axii, 98p.: _c24cm (pbk) _bill. _ephotoes |
||
| 500 | _a includes index | ||
| 700 | _913414 | ||
| 942 |
_2ddc _cEN _h610 _mPON |
||
| 999 |
_c42010 _d42010 |
||